Yukio Mishima Bibliography - Statistics

General Stats
  • This quiz has been taken 12 times
  • The average score is 9 of 256
Answer Stats
Type Year Name % Correct
Novel 1949 Confessions of a Mask
75%
Novel 1970 The Temple of Dawn
75%
Novel 1956 The Temple of the Golden Pavilion
75%
Novel 1969 Spring Snow
63%
Novel 1969 Runaway Horses
50%
Essay Collection 1968 Sun and Steel: Art, Action and Ritual Death
50%
Novel 1971 The Decay of the Angel
50%
Novel 1963 The Sailor Who Fell from Grace with the Sea
50%
Short Story 1952 Death in Midsummer
38%
Short Story Collection 1953 Death in Midsummer
38%
Play 1968 My Friend Hitler
38%
Novel 1954 The Sound of Waves
38%
Novel 1950 Thirst for Love
38%
Novel 1960 After the Banquet
25%
Novel 1959 Kyoko's House
25%
Novel 1968 Life for Sale
25%
Play 1965 Madame de Sade
25%
Short Story 1960 Patriotism
25%
Novel 1961 The Frolic of the Beasts
25%
Short Story 1965 Acts of Worship
13%
Short Story Collection 1965 Acts of Worship
13%
Novel 1962 Beautiful Star
13%
Novel 1964 Silk and Insight
13%
Short Story 1960 Star
13%
Play 1961 The Black Lizard
13%
Short Story 1941 The Forest in Full Bloom
13%
Short Story Collection 1944 The Forest in Full Bloom
13%
Short Story 1944 A Car in the Night
0%
Short Story 1950 A Female Dog
0%
Short Story 1948 A Goat's Head
0%
Essay 1951 A Hotel in the Highlands
0%
Short Story 1950 Alone and Yearning
0%
Statement 1970 An Appeal
0%
Play 1954 Arise, Youth!
0%
Short Story 1954 A Room to Be Locked
0%
Short Story 1946 A Story at the Cape
0%
Short Story Collection 1947 A Story at the Cape
0%
Short Story 1953 A Sudden Stop
0%
Essay 1970 A Top
0%
Essay Collection 1957 Backstage Essays
0%
Photo Subject 1963 Ba Ra Kei: Ordeal by Rose
0%
Short Story 1949 Boring Journey
0%
Play 1948 Burning House
0%
Play 1971 Busu
0%
Play 1954 Celestial Beauty Who Melted
0%
Short Story 1948 Charity
0%
Essay 1966 Chazuke Nationalism
0%
Short Story 1946 Cigarette
0%
Non-Fiction Book 1965 College of Unchasteness
0%
Short Story 1940 Colored Picture Glass
0%
Lecture Collection 1960 Continued Lectures on Immoral Education
0%
Essay 1960 Cooking of Societies - Kitchen Mishima
0%
Short Story 1952 Crossword Puzzle
0%
Novel 1963 Dash of Love
0%
Poem 1970 Death Poem
0%
Non-Fiction Book 1969 Defense of the Culture
0%
Play 1957 Dōjō Temple
0%
Short Story 1953 Eggs, Tamago
0%
Essay 1968 Epilogue - F104
0%
Short Story 1953 Epitaph for a Journey
0%
Short Story 1945 Esugai's Hunting
0%
Essay 1952 Europe Travelogue
0%
Novel 1967 Evening Dress
0%
Essay 1964 Extremity and Reality
0%
Essay 1965 Eye - Fragmentary Thoughts About Art
0%
Short Story 1948 Family Card Game
0%
Short Story 1951 Family Litigation
0%
Essay 1966 February 26 Incident and I
0%
Short Story 1950 Field Trip
0%
Short Story 1953 Fireworks
0%
Short Story 1962 Flowers on a Hat
0%
Short Story 1956 Foot Constellation
0%
Short Story 1943 For Posterity
0%
Short Story 1963 Fountains in the Rain
0%
Short Story 1966 From the Depth of Solitude
0%
Short Story 1950 Fruits
0%
Short Story 1950 Gluttony
0%
Novel 1954-1955 Goddess
0%
Short Story 1952 Goddess of Beauty
0%
Short Story 1952 Goldfish and Madam
0%
Play 1955 Greetings at the Boat
0%
Short Story 1951 Hakone-Work
0%
Play 1969 Half Moon: The Adventures of Tametomo
0%
Short Story 1950 Hanayama Temple
0%
Short Story 1947 Haruko
0%
Play 1953 Hell Screen
0%
Lecture 1966 How I Have Been Grown Up as the Japanese Writer
0%
Poem 1967 Icarus
0%
Short Story 1948 Initials
0%
Non-Fiction Book 1970 Introductions to the Philosophy of Action
0%
Essay 1967 Introduction to Hagakure
0%
Play 1948 Iris
0%
Short Story 1951 Island of Death
0%
Lecture 1961 Japanese Youth
0%
Novel 1951-1953 Kinijiki
0%
Essay 1967 Kokin Wakashū and Shin Kokin Wakashū
0%
Play 1952 Komachi at the Stupa
0%
Lecture Collection 1959 Lectures on Immoral Education
0%
Novel 1967-1968 Letters - Yukio Mishima's Letter Lessons
0%
Short Story 1948 Lion
0%
Play 1971 Long After Love
0%
Short Story 1950 Long Distance Riding Club
0%
Short Story 1949 Lord Ordained in Heaven
0%
Short Story 1947 Love, and Parting
0%
Short Story 1965 Love in the Morning
0%
Short Story 1960 Love's Penance
0%
Novel 1952-1953 Made in Japan
0%
Short Story 1948 Martyrdom
0%
Short Story 1953 Memorabilia of Eguchi Hatsu
0%
Play 1962 Memorial Service of Prince Genji
0%
Essay 1952 Memories of the Travel
0%
Libretto 1964 Minoko
0%
Ballet 1968 Miranda
0%
Short Story 1962 Moon
0%
Play 1957 Morning Azalea
0%
Short Story 1951 Morning Glory
0%
Short Story Collection 1961 Movie Star
0%
Autobiography 1964 My Wandering Period
0%
Diary 1959 Naked Body and Apparel
0%
Novel 1951 Natsuko's Adventure
0%
Essay 1956 New Lectures About Love
0%
Short Story 1956 Nineteen Years Old
0%
Play 1949 Niobe
0%
Essay 1952 North America Travelogue
0%
Play 1952 Nothing Is as Expensive as Gratis
0%
Short Story 1949 Obituary
0%
Short Story 1957 Onnagata
0%
Short Story 1942 Ottō and Maya
0%
Short Story 1949 Page
0%
Short Story 1951 Paid in Full
0%
Essay 1960 Party of One
0%
Short Story 1949 Passing of a Host of Devils
0%
Short Story Collection 1949 Passing of a Host of Devils
0%
Short Story 1955 Peonies
0%
Travelogue 1957 Picture Book of a Journey
0%
Short Story 1951 Portable
0%
Short Story 1948 Precious Stone Broker
0%
Short Story Collection 1948 Preparations for the Evening
0%
Short Story 1947 Prince Karu and Princess Sotoori
0%
Short Story 1969 Prince of Lanling
0%
Short Story 1954 Pseudo Art
0%
Novel 1950 Pure White Nights
0%
Short Story 1963 Raisin Bread
0%
Short Story 1954 Revenge
0%
Play 1956 Rokumeikan
0%
Play 1958 Roses and Pirates
0%
Play 1958 Sash Stealing Pond
0%
Short Story 1955 Sea and Sunset
0%
Short Story 1948 Sensuality
0%
Essay 1964 She Cried, and I Cried - Women Volleyball
0%
Non-Fiction Book 1972 Some Histories of Japanese Literature
0%
Short Story 1938 Sorrel Flowers - Akihiko's Memory of the Early Childhood
0%
Essay 1952 South America Travelogue
0%
Lecture Collection 1969 Spiritual Lessons for Young Samurai
0%
Essay 1969 Stage-Left Is Right from Audience
0%
Short Story 1949 Stage Rehearsal
0%
Play 1956 Steeplechase
0%
Short Story 1961 Strawberries
0%
Short Story 1950 Sunday
0%
Short Story 1955 Swaddling Clothes
0%
Short Story 1948 Swan
0%
Short Story 1963 Sword
0%
Play 1961 Tenth-Day Chrysanthemums
0%
Novel 1966 That Complicated Guy
0%
Novel 1950 The Age of Blue
0%
Play 1949 The Anxiety of Love
0%
Play 1960 The Begging Monk
0%
Play 1955 The Blush on the White Hibiscus Blossom: Lady Fuyo and the True Account of the Ōuchi Clan
0%
Short Story 1949 The Book of Filial Piety
0%
Short Story 1954 The Boy Who Wrote Poetry
0%
Novel 1954 The Capital of Love
0%
Short Story 1963 The Car
0%
Short Story 1951 The Chair
0%
Buyō 1951 The Charming Figure Competition of Chikamatsu Girls
0%
Short Story 1948 The Circus
0%
Short Story 1966 The Company
0%
Travelogue 1952 The Cup of Apollo
0%
Play 1951 The Damask Drum
0%
Buyō 1953 The Dead Appearance Incense in Muromachi
0%
Photo Subject 1970 The Death of a Man
0%
Short Story 1953 The Death of Radiguet
0%
Play 1967 The Decline and Fall of Suzaku
0%
Short Story 1957 The Dignitary
0%
Essay 1956 The Eternal Traveler - Yasunari Kawabata's Personality and Works
0%
Short Story 1954 The Exhibition
0%
Essay 1964 The First Gender
0%
Essay 1970 The Flower of Evil: Kabuki
0%
Play 1964 The Harp of Joy
0%
Short Story 1949 The Heavy Burden of Love
0%
Play 1949 The Holy Woman
0%
Short Story 1953 The House of Dolls
0%
Play 1939 The Journey
0%
Play 1954 The Lady Aoi
0%
Play 1949 The Lighthouse
0%
Short Story 1951 The Long-Armed Princess
0%
Novel 1960 The Mademoiselle
0%
Play 1950 The Magic Pillow
0%
Short Story 1950 The Mandarin Ducks
0%
Short Story 1946 The Middle Ages
0%
Novel 1957 The Misstepping of Virtue
0%
Short Story 1949 The Monster
0%
Short Story Collection 1950 The Monster
0%
Essay 1948 The Murder Weapon of Seriously Ill Person
0%
Novel 1964 The Music
0%
Short Story 1965 The Mystery of the Gettan Villa
0%
Play 1955 The Nest of the White Ants
0%
Short Story 1948 The Offender
0%
Non-Fiction Book 1969 Theory of Dividing Japan Self-Defense Forces into Two
0%
Essay 1951 The Pathos of Kazuo Dan
0%
Short Story 1965 The Peacocks
0%
Short Story 1963 The Pearl
0%
Short Story 1951 The Pinetree on the Palace Grounds
0%
Short Story 1949 The Polite Machine
0%
Short Story 1954 The Priest of Shiga Temple and His Love
0%
Essay 1970 The Promise that Haven't Fulfilled - 25 Years in Me
0%
Short Story 1942 The Reflection of the Moon
0%
Short Story 1951 The Remarkable Sisters
0%
Short Story 1956 The Requiem Boat
0%
Short Story 1962 Thermos Flasks
0%
Play 1964 The Sails of Love
0%
Play 1954 The Sardine Seller's Net of Love
0%
Short Story 1956 The Seven Bridges
0%
Short Story Collection 1958 The Seven Bridges
0%
Buyō 1958 The Seven Bridges
0%
Essay 1969 The Shield Society
0%
Short Story 1955 The Shopkeeper
0%
Short Story 1954 The Sound of Water
0%
Essay 1948 The Source of the Love Poem
0%
Short Story 1955 The Spirit of the Mountain
0%
Novel 1956 The S.S. Happiness Sets Sail
0%
Short Story 1951 The Story of a Successful Woman
0%
Novel 1955 The Sunken Waterfall
0%
Play 1969 The Terrace of the Leper King
0%
Short Story 1963 The Ticket
0%
Short Story 1948 The Unfaithful Umbrella
0%
Short Story 1966 The Voices of the Heroic Dead
0%
Play 1955 The Waiting Lady with the Fan
0%
Novel 1948 Thieves
0%
Short Story 1960 Three Million Yen
0%
Play 1955 Three Primary Colors
0%
Short Story 1949 Treatment for the Sickness Named Happiness
0%
Play 1960 Tropical Tree: A Tragedy in Three Acts
0%
Play 1953 Twilight Sunflower
0%
Short Story 1952 Two Old Maids
0%
Short Story 1963 Unlucky Papa
0%
Short Story 1953 Unsatisfied Women
0%
Short Story 1949 Volcano Vacation
0%
Short Story 1955 Walking on the Roof
0%
Non-Fiction Book 1972 What Is Novel
0%
Short Story 1951 Wings
0%
Essay 1959 With 18 and 34 Years: Two Portraits
0%
Play 1959 Women Never Be Captured
0%
Short Story 1939 Yakata
0%
Essay 1970 Yang-Ming Thought as Revolutionary Philosophy
0%
Play 1959 Yuya
0%
Play 1955 Yuya (Kabuki)
0%
No matching quizzes found
Score Distribution
Percent of People with Each Score
Percentile by Number Answered
Your Score History
You have not taken this quiz